3rd Grade Knowledge Quiz Stats

 Plays Quiz not verified by Sporcle

Score 0/10 Timer 10:00
0 Plays Today
Question Answer % Correct
21+5=26
98%
What continent is Canada in?North America
78.1%
3 X 515
75.7%
Tell whether this is a fragment or a sentence: The fiery volcanoFragment
70.2%
Round 239 to the nearest tens place240
69.9%
Raining, snowing, sleeting, hailing are all examples of what?Precipitation
52.9%
Is water a liquid or a gas?Both
36.7%
What is the ability to do work or produce something?Energy
30.8%
What do scientists use to look into space?Telescope, Telescopes
2.7%
What does the prefix 'Micro' mean?Small, tiny, little
2.2%

You're not logged in!

Compare scores with friends on all Sporcle quizzes.
OR
Log In

Show Comments

Extras

Created Dec 8, 2010ReportNominate
Tags:3rd, grade, grader, questionnaire, smart

Top Quizzes Today


Score Distribution

Your Account Isn't Verified!

In order to create a playlist on Sporcle, you need to verify the email address you used during registration. Go to your Sporcle Settings to finish the process.

Report this User

Report this user for behavior that violates our Community Guidelines.

Details: